| 000 | 00796nam a2200229 4500 | ||
|---|---|---|---|
| 999 |
_c8299 _d8299 |
||
| 001 | 21794 | ||
| 003 | BD-DhUAP | ||
| 005 | 20230529161535.0 | ||
| 008 | 230528b2021 bg a|||| |||| 001 0aeng d | ||
| 020 | _a9789845062800 | ||
| 040 |
_aBD-DhUAP _bENG _cBD-DhUAP _dBD-DhUAP |
||
| 082 |
_2 23 _a 821.8 MUR |
||
| 100 | _aMurshid,Sarwar Kkan. | ||
| 245 |
_a Indian elements in the works of W.B. Yeats, T.S. Eliot & Aldous Huxley / _c Khan Sarwar Murshid. |
||
| 260 |
_a Dhaka, Bangladesh : _b University Press Limited, _cApril 2021. |
||
| 300 |
_a xviii, 235 pages ; _c 22 cm |
||
| 504 | _a Includes bibliographical references (pages 225-235). | ||
| 546 | _a Includes appendix in Bengali. | ||
| 650 | _aPhilosophy, Indic, in literature. | ||
| 650 | _aCivilization in literature. | ||
| 942 |
_2ddc _cBK |
||